000 00364 a2200133 4500
001 91636
082 _aPR 1602
090 _c43791
_d43790
100 _aZahid Pevaiz; Prof Sherzada Khan, Advisor
245 _aPC Based Controller for Unmanned Aerial Vehicle (UAV)
_n52 "B" EC
260 _aRawalpindi
_bNUST
_c2000
300 _a60p
500 _aBE Project Reports
942 _aCAE NUST
_kPR 1602
999 _c326709
_d326709